|
|
|
|
| LEADER |
00000nam a2200000Ia 4500 |
| 008 |
171023b2005 mx a|||| |||| 00| | spa d |
| 999 |
|
|
|c 1446
|d 1446
|
| 090 |
|
|
|a 06.02.01
|b 1495
|
| 100 |
1 |
|
|a Sánchez Hernández, Miriam
|9 3239
|
| 245 |
1 |
4 |
|a Del estudio y el estudiante: lecturas para la reflexión/
|c antología elaborada por Míriam Sánchez Hernández y Marcela López Fernández
|
| 260 |
|
|
|a México:
|b Universidad Autónoma de la Ciudad de México,
|c 2005
|
| 300 |
|
|
|a 104 páginas;
|b Ilustraciones en blanco y negro
|
| 490 |
|
|
|a Colección Galatea
|
| 650 |
1 |
4 |
|a EDUCACIÓN
|9 1
|
| 650 |
1 |
4 |
|a ESTUDIANTES
|9 332
|
| 650 |
1 |
4 |
|a DOCENTES
|9 331
|
| 700 |
1 |
|
|9 3240
|a López Fernández, Marcela
|
| 942 |
|
|
|i 003196
|h 06.02.01 1495
|2 z
|c 01
|